000 00500nam a2200193Ia 4500
003 OSt
005 20251010105919.0
008 210210b1978 xxu||||| |||| 00| 0 eng d
040 _cAL
041 _aKannada
082 _aK894.2 SHRK
100 _aSHRINVASA.
_d ಶ್ರೀನಿವಾಸ
_9242000
245 _aKalidasa.
_bಕಾಳಿದಾಸ
260 _aBengaluru
_bJivana Karyalaya
_c1978
300 _axv,148
690 _aKannada Drama
_9242001
906 _aSG01702
942 _2ddc
_cSG
999 _c113105
_d113105